Harry Potter Artefakte - Statistiken

Allgemein
  • Dieses Quiz wurde 466 mal gespielt
  • Das Durchschnittsergebnis liegt bei 6 aus 13
Antwortstatistiken
Hint Antwort % Korrekt
Heiligtümer des Todes Elderstab
83%
Flamel Stein der Weisen
81%
Von Moony, Tatze, Wurmschwanz und Krone Karte des Rumtreibers
73%
Heiligtümer des Todes Tarnumhang
65%
Heiligtümer des Todes Stein der Auferstehung
64%
Steht im Labyrinth, braucht man um zu gewinnen Trimagischer Pokal
56%
Dadurch wird man ein Champien Feuerkelch
54%
Man sieht was man sich Wünscht Spiegel Nerhegeb
52%
1. Horkrux Tom Riddles Tagebuch
47%
Hogwarts Gründer Schwert von Godric Gryffindor
23%
Hogwarts Gründer Diadem von Rowena Ravenclaw
19%
Hogwarts Gründer Kelch von Helga Hufflepuff
18%
Hogwarts Gründer Medaillon von Salazar Slytherin
13%
Keine übereinstimmenden Quizze gefunden
Verteilung der Resultate
Anzahl Personen mit jedem Resultat
Perzentil nach korrekt beantworteten Fragen
Ihre Resultats-Entwicklung
Sie haben dieses Quiz noch nicht gespielt